000 00607nam a22001697a 4500
005 20111220102558.0
020 _a9788189934019
_c120.00
037 _bPUB
100 _aRizio Yohannan Raj
_937216
245 _aRaleh and the singsong castle /
_cby Rizio Yohannan Raj; art by Anahita Taymourian
260 _aNew Delhi
_bKatha
_c2007
270 _aA3 Sarvodaya Enclave, Sri Aurobindo Marg,
_bNew Delhi
_e110017
300 _aunpaged
_bill.
_c26cm(pbk)
700 _a Taymourian, Anahita
_937217
942 _2ddc
_cCH
_mRIZ
999 _c59673
_d59673